000 00781nam a2200229 a 4500
001 41040
003 BD-RjUL
005 20211209053322.0
008 160514t19581957ii ||||| |||| 00| f ben d
020 _c: Tk. 4.50
035 _a(BD-RjUL) 41156
040 _aBD-RjUL
_bben
_cBD-RjUL
041 _aben
082 _223
_a891.443
_bBAV 1958
100 _aবসু, সমরেশ
_9126284
245 1 0 _aভানুমতী /
_cসমরেশ বসু
260 _aকলকাতা :
_bনিও-লিট পাবলিশার্স,
_c১৯৫৭ [মুদ্রণ ১৯৫৮]
300 _a[৮], ২২৪ পৃ. ;
_c২২ সেমি.
650 _aবাংলা উপন্যাস
_9126285
650 _aBengali Fiction
_9126286
942 _2ddc
_cBK
999 _c41040
_d41040